Φύτευση στεγών απλά και αποτελεσματικά : σχεδιασμός, οδηγίες εφαρμογής, πρακτικές επισημάνσεις

Αποθηκεύτηκε σε:
Λεπτομέρειες βιβλιογραφικής εγγραφής
Κύριος συγγραφέας: Minke, Gernot
Συγγραφή απο Οργανισμό/Αρχή: Δημοκρίτειο Πανεπιστήμιο Θράκης
Μορφή: Βιβλίο
Γλώσσα:Greek
Δημοσίευση: Θεσσαλονίκη : Παρατηρητής της Θράκης Α.Ε., 2009.
Θέματα:
Ετικέτες: Προσθήκη ετικέτας
Δεν υπάρχουν, Καταχωρήστε ετικέτα πρώτοι!

MARC

LEADER 00000cam a2200000 i 4500
001 1/6482
008 100414s2009 gr | ||| |||| ||gre||
020 |a 9789608920965 
035 |l 10107527 
040 |a GR-MY-UA  |b gre  |e aacr 
041 0 |a gre 
082 7 |a 635.9671   |2 (22) 
100 1 |a Minke, Gernot. 
245 1 0 |a Φύτευση στεγών απλά και αποτελεσματικά :   |b σχεδιασμός, οδηγίες εφαρμογής, πρακτικές επισημάνσεις /   |c Gernot Minke ; [μετάφραση - επιμέλεια: Ανέλιξη(αστική εταιρεία έρευνας, προώθησης και διάδοσης εφαρμογών ανανεώσιμων πηγών ενέργειας και οικολογικής αρχιτεκτονικής)]. 
260 |a Θεσσαλονίκη :   |b Παρατηρητής της Θράκης Α.Ε.,   |c 2009. 
300 |a 91 σ. :   |b εικ. (μερ. έγχρ.), διαγρ. ;   |c 24 εκ. 
504 |a Βιβλιογραφία: σ. 90-91. 
650 0 0 |a Green roofs (Gardening)  |x Design and construction. 
650 0 0 |a Buildings  |x Environmental engineering. 
710 2 |a Δημοκρίτειο Πανεπιστήμιο Θράκης. 
852 |a INST  |b LESVOS  |e 20100414  |h 635.9671 MIN  |p 005100046937  |q 005100046937  |t BK  |y 0 
901 |a BIBL1-2010-1 
909 |a Λ  |b 163108 
920 |a ΔΗΜΟΚΡΙΤΕΙΟ ΠΑΝΕΠΙΣΤΗΜΙΟ ΘΡΑΚΗΣ "ΤΜΗΜΑ ΠΟΛΙΤΙΚΩΝ ΜΗΧΑΝΙΚΩΝ" "ΕΡΓΑΣΤΗΡΙΟ ΟΡΓΑΝΩΣΗΣ ΚΑΙ ΠΡΟΓΡΑΜΜΑΤΙΣΜΟΥ"  |y Λέσβος  |z 2010-04 
970 |a ΓΙΑΛΑΜΑ  |b ΜΑΡΙΑ  |z 2010/04/14